Cervantes

Salvato in:
Dettagli Bibliografici
Ente Autore: Universidad Nacional de Cuyo (Autore)
Natura: Libro
Lingua:spagnolo
Pubblicazione: Mendoza Universidad Nacional de Cuyo 1991
Soggetti:
Tags: Aggiungi Tag
Nessun Tag, puoi essere il primo ad aggiungerne!!

MARC

LEADER 00000nam a2200000 a 4500
001 UCY5473
003 CL-VaPUC
008 950508e19910000AG |||||||||||||||||spa|d
082 0 4 |a 863  |b UNI  |2 21 
110 2 |a Universidad Nacional de Cuyo  |e author  |9 334282 
245 1 0 |a Cervantes 
246 1 0 |a Miguel de Cervantes Saavedra 
246 1 0 |a Actas del Simposio Nacional Letras del Siglo de Oro Español 
300 |a 2 v 
942 |c BK 
945 |d 19950508 00:00:00  |a awong 
260 |a Mendoza  |b Universidad Nacional de Cuyo  |c 1991 
600 0 |a Cervantes y Saavedra, Miguel de  |9 267947 
650 0 |a Literatura española  |9 306261 
650 0 |a Ensayos  |9 268724 
583 |a last modification  |c 19950508 00:00:00  |k Rodrigo Vera 
999 |c 233132  |d 233130 
952 |0 0  |1 0  |4 0  |6 863_000000000000000_UNI_1991  |7 0  |8 A  |9 238349  |a BIBEDU  |b BIBEDU  |d 2019-11-18  |h v.1  |i 3080560  |o 863 UNI 1991  |p 3080560  |r 2019-11-18  |w 2019-11-18  |y BK  |k LIT 
952 |0 0  |1 0  |4 0  |6 863_000000000000000_UNI_1991  |7 0  |8 A  |9 238350  |a BIBEDU  |b BIBEDU  |d 2019-11-18  |h v.2  |i 3080579  |o 863 UNI 1991  |p 3080579  |r 2019-11-18  |w 2019-11-18  |y BK  |k LIT